Bruno Mars Songs - Statistics

General Stats
  • This quiz has been taken 203 times
  • The average score is 18 of 34
Answer Stats
Answer % Correct
24K Magic
93%
Grenade
85%
Just the Way You Are
80%
Locked Out Of Heaven
75%
When I Was Your Man
70%
Marry You
68%
That's What I Like
68%
The Lazy Song
67%
Versace on the Floor
67%
Treasure
65%
Talking to the Moon
63%
Talking to the Moon
63%
Count On Me
58%
Count On Me
58%
Finesse
58%
Gorilla
58%
Chunky
52%
Runaway Baby
50%
It Will Rain
46%
Natalie
44%
Perm
44%
Young Girls
44%
The Other Side
37%
The Other Side
37%
Straight Up & Down
36%
Liquor Store Blues
35%
Moonshine
35%
If I Knew
33%
Too Good To Say Goodbye
33%
Our First Time
32%
Calling All My Lovelies
31%
Money Make Her Smile
27%
Somewhere in Brooklyn
27%
Show Me
23%
No matching quizzes found
Score Distribution
Percent of People with Each Score
Percentile by Number Answered
Your Score History
You have not taken this quiz